[Event "Stuttgart-chB int"]
[Site "Ditzingen"]
[Date "2018.05.12"]
[Round "6"]
[White "Ziegler, Michael1111"]
[Black "Pranjic, Daniel"]
[Result "0-1"]
[WhiteElo "1663"]
[BlackElo "1782"]
[PlyCount "54"]
[EventDate "2018.05.10"]
[EventType "swiss"]
[EventRounds "7"]
[EventCountry "GER"]
[SourceTitle "EXT 2020"]
[Source "ChessBase"]
[SourceDate "2019.10.17"]
[SourceVersion "1"]
[SourceVersionDate "2019.10.17"]
[SourceQuality "1"]

1. e4 c5 2. Nf3 d6 3. Nc3 Nf6 4. Bc4 e6 5. 0-0 Be7 6. d4 cxd4 7. Nxd4 0-0 8. Bb3 Na6 9. Kh1 Nc5 10. f3 a6 11. Be3 Qc7 12. Na4 Nxb3 13. Nxb3 Nd7 14. Nc3 b5 15. a3 Ne5 16. f4 Nc4 17. Bc1 Bb7 18. Qe1 Rac8 19. Nd1 Qc6 20. Nf2 Bh4 21. g3 Bf6 22. c3 d5 23. Ng4 Be7 24. Nd4 Qb6 25. e5 Bc5 26. Nb3 d4+ 27. Kg1 Qc6 0-1

[Event "Wuerttemberg-ch KT"]
[Site "Stuttgart"]
[Date "2017.08.29"]
[Round "4"]
[White "Toelg, Wolfgang"]
[Black "Pranjic, Daniel"]
[Result "0-1"]
[WhiteElo "1628"]
[BlackElo "1791"]
[PlyCount "112"]
[EventDate "2017.08.26"]
[EventType "swiss"]
[EventRounds "7"]
[EventCountry "GER"]
[SourceTitle "EXT 2019"]
[Source "ChessBase"]
[SourceDate "2018.10.10"]
[SourceVersion "1"]
[SourceVersionDate "2018.10.10"]
[SourceQuality "1"]

1. e4 c5 2. Nf3 d6 3. d4 cxd4 4. Nxd4 Nf6 5. Nc3 a6 6. Be2 e5 7. Nb3 Be7 8. Be3 Be6 9. 0-0 0-0 10. Qd2 Nc6 11. Rad1 Rc8 12. a3 Qc7 13. f3 Rfd8 14. Na1 d5 15. exd5 Nxd5 16. Nxd5 Rxd5 17. Qc3 Qd6 18. Rxd5 Qxd5 19. Rd1 Nd4 20. Qd2 Nxe2+ 21. Qxe2 Qa2 22. Qd3 Qxb2 23. a4 Qb4 24. Nb3 Qxa4 25. Nc5 Bxc5 26. Bxc5 Qa5 27. Be7 Qc7 28. Bd6 Qb6+ 29. Kh1 Rd8 30. c4 f6 31. c5 Qc6 32. Qb1 a5 33. Rc1 a4 34. Qb2 Ra8 35. Qa3 Bb3 36. h3 e4 37. Rc3 b5 38. Re3 exf3 39. Rxf3 Re8 40. Rxb3 axb3 41. Qxb3+ Kh8 42. Qf7 Rg8 43. Qb3 Qb7 44. Qe3 Ra8 45. Kh2 h6 46. Qb3 Re8 47. Qd3 Re4 48. Qb3 Re2 49. Qg3 Rc2 50. Bf8 b4 51. c6 Rxc6 52. Bxg7+ Qxg7 53. Qb8+ Kh7 54. Qxb4 Qc7+ 55. Kg1 Rc1+ 56. Kf2 Qc5+ 0-1